000
00202 a2200097 4500
001
57700
100
_a
245
_a
An airman remembers
260
_a
Lahore
_b
Feroze sons
_c
1993
090
_c
35381
_d
35381
942
_a
NUST-CAE
_c
_c
28204
999
_c
292773
_d
292773